Les mots terminant par JET en français - Statistiques

Statistiques générales
  • Ce quiz a été pris 78 fois
  • Le résultat moyen est 6 sur 29
Statistiques - réponses
Définition Mot % Correct
Action de repousser une chose Rejet
90%
Chose tangible Objet
78%
Subordonné d'un souverain Sujet
71%
Dessein Projet
70%
Route à faire Trajet
59%
Forme de couture Surjet
36%
Femme vue comme une chose Femme-objet
34%
Homme vue comme une chose Homme-objet
33%
Médicament destiné à lutter contre le rejet d’une greffe. Antirejet
32%
Information proposée qui ne présente pas de relation directe avec le sujet Hors-sujet
27%
Projet préparatoire Préprojet
15%
Accessoire ajouté à l’extrémité d’un tuyau, d’un robinet Brise-jet
14%
Claie de paille ou de bois Cajet
11%
Projet inclus dans un autre plus grand. Sous-projet
11%
Dispositif de propulsion fonctionnant par jet d’eau vers l’arrière. Hydrojet
8%
Maquette d’un monument Avant-projet
7%
Dans une fugue, une ou plusieurs phrases mélodiques répondant au premier sujet Contre-sujet
3%
Endroit d’une pièce d’étain qui a été recouvert par les tenailles. Contre-jet
1%
Procédé consistant à placer en fin de vers un mot ou un groupe de mots appartenant, par la construction et le sens, au vers suivant. Contre-rejet
0%
Courant d’air rapide et confiné Courant-jet
0%
Être ou principe actif extérieur à notre moi Ejet
0%
Saillie hors de l’aplomb Forjet
0%
Projet composé de plusieurs autres. Métaprojet
0%
Assemblage d’atomes ou de molécules, dont au moins une dimension externe est nanométrique Nano-objet
0%
Lames de verre d'un microscope Porte-objet
0%
Véhicule constitué d'un cockpit entouré par deux turbines géantes Protojet
0%
Commune du Lot Saint-Projet
0%
Préparation servant à juger de la force des microscopes. Test-objet
0%
Coquille des Antilles Vojet
0%
Aucun quiz correspondant
Distribution des résultats
% des personnes avec chaque résultat
Percentile par nombre de réponses
Votre historique - résultats
Vous n’avez pas pris ce quiz